000 00510nam a22001697a 4500
003 OSt
005 20260119072934.0
008 260119b |||||||| |||| 00| 0 eng d
020 _a97189-6606-4
040 _aDWCL-Main lib
_cOC
082 _25th
_aFil. 657 B285c 2002
100 _aMercedes B. Kimwell
245 _aConstructive accounting, 5th ed./
_cMercedes B. Kimwell
260 _aPhilippines :
_bGIC enterprises & co., inc.,
_cc2002.
300 _axi, 487 p. ;
_c23 cm
942 _2ddc
_cBK - FIL
_e5th
_kFil.
_n0
999 _c7549
_d7549